241207 - Quiz quotidien du 7 décembre 2024 - Statistiques

Statistiques générales
  • Ce quiz a été pris 31 fois
  • Le résultat moyen est 5 sur 10
Statistiques - réponses
Question Réponse % Correct
Quelle est la monnaie de Singapour ? Dollar
67%
Dans quel État des États-Unis se trouve la "Zone 51" ? Nevada
67%
Que collectionne un numismate ? Pièces de monnaie
56%
Qui a dirigé la première expédition ayant fait le tour du monde ? (Malheureusement, Magellan lui-même n'a pas survécu au voyage) Fernand de Magellan
44%
Lequel des personnages suivants n'était PAS dramaturge ? Gustav Mahler
44%
Qui a rédigé la première loi du mouvement qui stipule qu'un corps en mouvement a tendance à rester en mouvement ? Isaac Newton
44%
Quel pays abritait Jonestown, une colonie fondée par les adeptes du gourou Jim Jones ? Guyana
33%
Triton est une lune de quelle planète ? Neptune
33%
De quelle langue vient à l'origine le mot yaourt ? Turc
33%
Quelle chanson commence par les paroles : "Regarde les étoiles, regarde comme elles brillent pour toi" ? Yellow
33%
Aucun quiz correspondant
Distribution des résultats
% des personnes avec chaque résultat
Percentile par nombre de réponses
Votre historique - résultats
Vous n’avez pas pris ce quiz